| 000 | 00654 a2200181 4500 | ||
|---|---|---|---|
| 999 |
_c3290 _d3290 |
||
| 020 | _a9780199644803 (pbk.) | ||
| 050 | _aKD1554 O'SU 2012 | ||
| 100 | _aO'Sullivan, Janet, | ||
| 245 |
_aThe law of contract _cJanet O'Sullivan, Jonathan Hilliard ; series editor, Nicola Padfield |
||
| 264 |
_aOxford : _bOxford University Press, _c2012 |
||
| 300 | _axxxvi, 491 p. | ||
| 440 | _aCore text series | ||
| 500 | _aPrevious ed.: 2010 Includes bibliographical references (p. [460]-467) and index | ||
| 650 |
_aContracts _xEngland |
||
| 700 |
_aHilliard, Jonathan _eAuthor |
||
| 700 |
_aPadfield, Nicola _eEditor |
||
| 942 |
_2lcc _cBK _e5th ed. _h1554 _iO'SU _k2012 |
||